Szczegóły MARC21

Modele opieki nad dzieckiem zdolnym : materiały z I i II Forum Wymiany Doświadczeń Osób Pracujących z Dziećmi Zdolnymi : Warszawa, maj 1998, maj 1999 /

003 -Nazwa inst., której nr kontr. jest w polu 001 [,]
    • @
    • Nazwa instytucji, której n kontrolny jest w polu 001
    • NUKAT
005 -DATA I CZAS OSTATNIEJ MODYFIKACJI [,]
    • @
    • pole kontrolne
    • 20241231101044.0
020 -Międzynarod. znormalizowany nr książki - ISBN [ , ]
    • a
    • Numer ISBN
    • 8386954558 Find
040 -Instytucja sporządzająca opis [ , ]
    • a
    • Instytucja, która sporządziła opis (NP)
    • KR 93/MD
    • c
    • Instytucja, która sporządziła rekord (NP)
    • KR 93/MD
    • d
    • Instytucja, która zmodyfikowała rekord (P)
    • KR 93/ZP
    • d
    • Instytucja, która zmodyfikowała rekord (P)
    • KR 93/MKs
942 -Rodzaj dokumentu [ , ]
    • c
    • Rodzaj dokumentu
    • Książka
111 -Hasło główne - nazwa imprezy [2, ]
    • a
    • Nazwa imprezy (NP)
    • Forum Wymiany Doświadczeń Osób Pracujących z Dziećmi Zdolnymi Find
    • n
    • Numer imprezy (P)
    • (1 ;
    • d
    • Data imprezy (NP)
    • 1998 ;
    • c
    • Miejsce imprezy (NP)
    • Warszawa).
    • 9
    • KHW
    • 714163
245 -Strefa tytułu i oznaczenia odpowiedzialności [1,0]
    • a
    • Tytuł
    • Modele opieki nad dzieckiem zdolnym : Find
    • b
    • Ciąg dalszy tytułu (NP)
    • materiały z I i II Forum Wymiany Doświadczeń Osób Pracujących z Dziećmi Zdolnymi : Warszawa, maj 1998, maj 1999 / Find
    • c
    • Pozostałe elementy strefy tytułu i oznaczenia odpowiedzialności (NP)
    • pod red. Mirosławy Partyki.
260 -Strefa adresu wydawniczego [ , ]
    • a
    • Miejsce wydania (P)
    • Warszawa :
    • b
    • Nazwa wydawcy (P)
    • Centrum Metodyczne Pomocy Psychologiczno-Pedagogicznej Ministerstwa Edukacji Narodowej,
    • c
    • Data wydania (P)
    • 2000.
300 -Strefa opisu fizycznego [ , ]
    • a
    • Określenie formy książki i/lub objętość (NP)
    • 164 s., [16] s. tabl. :
    • b
    • Oznaczenie ilustracji (NP)
    • rys. ;
    • c
    • Format (NP)
    • 24 cm.
336 -Typ zawartości [ , ]
    • a
    • Termin opisujący typ zawartości
    • Tekst
    • b
    • Kod określający zawartość
    • txt
    • 2
    • Źródło (terminu i kodu)
    • rdacontent
337 -Typ mediów [ , ]
    • a
    • Tryb odtwarzania
    • Bez urządzenia pośredniczącego
    • b
    • Kod typu mediów
    • n
    • 2
    • Źródło (terminu i kodu)
    • rdamedia
338 -Typ/rodzaj nośnika [ , ]
    • a
    • Hasło opisujące typ nośnika
    • Wolumin
    • b
    • Kod typu nośnika
    • nc
    • 2
    • Źródło (terminu i kodu)
    • rdacarrier
500 -Uwaga ogólna [ , ]
    • a
    • Uwaga ogólna (NP)
    • W publikacji zamieszczono referaty z I i II Forum Wymiany Doświadczeń.
504 -Uwaga dot. bibliogr. załącznikowej [ , ]
    • a
    • Uwaga dot. bibliografii załącznikowej
    • Bibliogr. przy poszcz. ref.
080 -Uniwersalna Klasyfikacja Dziesiętna [ , ]
    • a
    • Symbol klasyfikacji
    • 159.922.7/.8(061)
080 -Uniwersalna Klasyfikacja Dziesiętna [ , ]
    • a
    • Symbol klasyfikacji
    • :159.923-053.2(061)
080 -Uniwersalna Klasyfikacja Dziesiętna [ , ]
    • a
    • Symbol klasyfikacji
    • :371.3(061)
650 -Hasło przedmiotowe [ ,7]
    • a
    • Hasło przedmiotowe
    • Dzieci uzdolnione
    • x
    • Określnik rzeczowy
    • edukacja
    • v
    • Określnik formalny
    • konferencje.
    • 2
    • Źródło terminu
    • kaba
    • 9
    • KHW
    • 434879
650 -Hasło przedmiotowe [ ,7]
    • a
    • Hasło przedmiotowe
    • Dzieci uzdolnione
    • x
    • Określnik rzeczowy
    • opieka i pomoc
    • v
    • Określnik formalny
    • konferencje.
    • 2
    • Źródło terminu
    • kaba
    • 9
    • KHW
    • 434880
980 -Symbol UKD [ , ]
    • a
    • UKD
    • 159.922.7/.8:159.923-053.2:371.3](061)
700 -Hasło dodatkowe - nazwa osobowa [1, ]
    • a
    • Nazwa osobowa (NP)
    • Partyka, Mirosława. Find
    • e
    • Określenie rodzaju współpracy
    • Red.
    • 9
    • KHW
    • 713795
711 -Hasło dodatkowe - nazwa imprezy [2, ]
    • a
    • Nazwa imprezy (NP)
    • Forum Wymiany Doświadczeń Osób Pracujących z Dziećmi Zdolnymi
    • n
    • Numer imprezy (P)
    • (2 ;
    • d
    • Data imprezy (NP)
    • 1999 ;
    • c
    • Miejsce imprezy (NP)
    • Warszawa).
    • 9
    • KHW
    • 714164
920 -ISBN [ , ]
    • a
    • ISBN
    • 83-86954-55-8 Find
Lokalizacja Data inwentaryzacji Status udost. Numer inwentarzowy
BG2005-12-07-2Pd.17493
BG2005-12-071Pd.17492